Artificial Intelligence : a modern approach (Record no. 27427)

MARC details
000 -LEADER
fixed length control field 00472nam a2200193Ia 4500
020 ## - INTERNATIONAL STANDARD BOOK NUMBER
ISBN 9781292024202
050 ## - CALL MARK
Classification number Q 335 .R86/
100 ## - STATEMENT OF RESPONSIBILITY--MAIN AUTHOR NAME
Personal name Russell, Stuart J.
245 #0 - TITLE STATEMENT
Title Artificial Intelligence : a modern approach
250 ## - EDITION / VOLUME STATEMENT
Edition / Volume statement 3rd ed.
260 ## - PUBLICATION, DISTRIBUTION, ETC. (IMPRINT)
Place of publication United States
260 ## - PUBLICATION, DISTRIBUTION, ETC. (IMPRINT)
Name of publisher Pearson
260 ## - PUBLICATION, DISTRIBUTION, ETC. (IMPRINT)
Year of publication 2014
300 ## - PHYSICAL DESCRIPTION
Number of Pages 1091 p
650 ## - SUBJECT ADDED ENTRY--TOPICAL TERM
Topical Term Artificial intelligence.
942 ## - ADDED ENTRY ELEMENTS (KOHA)
Koha item type Books
Holdings
Withdrawn status Lost status Source of classification or shelving scheme Damaged status Not for loan Permanent Location Current Location Date acquired Accession Number Price effective from Koha item type Full call number
    Library of Congress Classification     NILE UNIVERSITY OF NIGERIA - MAIN LIBRARY NILE UNIVERSITY OF NIGERIA - MAIN LIBRARY 04/23/2025 0011467 04/23/2025 Books  
    Library of Congress Classification     NILE UNIVERSITY OF NIGERIA - MAIN LIBRARY NILE UNIVERSITY OF NIGERIA - MAIN LIBRARY 01/19/2026 0195404 01/19/2026 Books Q 335 .R86 2014